[Event "Turkey IS Bank Super League 2017"]
[Site "Darica-Kocaeli"]
[Date "2017.08.03"]
[Round "9"]
[White "Firat, Burak"]
[Black "Tukhaev, Adam"]
[Result "1/2-1/2"]
[WhiteElo "2480"]
[BlackElo "2558"]
[Annotator "TA"]
[PlyCount "66"]
[EventType "team-tourn"]
[EventCountry "TUR"]
[SourceTitle "playchess.com"]
[Source "ChessBase"]
[SourceQuality "1"]

{[%evp 19,66,24,29,25,41,38,54,58,63,52,79,0,29,-5,0,0,0,0,27,30,107,64,55,7,7,7,7,8,7,7,8,8,8,0,0,0,0,0,6,0,0,0,0,0,0,0,0,0,0]} 1. d4 Nf6 2. Nf3 g6 3. g3 Bg7 4. Bg2 O-O 5. O-O d6 6. b3 c5 7. c4 e5 {E60: King's Indian: Unusual lines and Fianchetto Variation without Nc3} 8. dxe5 dxe5 9. Qxd8 Rxd8 10. Bb2 e4 {LiveBook: 3 Games} 11. Nfd2 Re8 $146 ({Predecessor:} 11... Bf5 12. g4 Bxg4 13. Nxe4 Nxe4 14. Bxg7 Kxg7 15. Bxe4 {½-½ (43) Fridman,D (2605)-Jones,G (2654) Minsk 2017}) 12. Nc3 e3 13. fxe3 {Hoping for Nb5.} Ng4 14. Nde4 $1 Nc6 {[#]} 15. Nd6 ({White should try} 15. Nd1 $1 $16) 15... Re7 16. Bd5 {[%cal Rf1f7]} Be6 17. Nxb7 Bxd5 18. cxd5 Nb4 (18... Nd4 $5) 19. Nxc5 {d6 is the strong threat.} Rc7 (19... Bxc3 $1 $11 {remains equal.} 20. Bxc3 Nxd5) 20. N5a4 {[#] Threatens to win with Rf4.} Nxe3 21. Rf4 Nbxd5 {The position is equal.} 22. Nxd5 Nxd5 23. Rc4 Bxb2 24. Nxb2 Re7 25. e4 Nf6 26. Rac1 Nxe4 27. Rc7 Rae8 28. Nd3 Ng5 29. Rxe7 Rxe7 30. Kf2 (30. Rc5 $5 {[%cal Rc5g5]} f5 31. Rc8+ Kg7 32. Kf2 $11) 30... Ne4+ 31. Kf3 Nd2+ 32. Kf2 Ne4+ 33. Kf3 Nd2+ {Precision: White = 50%, Black = 36%.} 1/2-1/2

[Event "Turkey IS Bank Super League 2017"]
[Site "Darica-Kocaeli"]
[Date "2017.08.03"]
[Round "9"]
[White "Batsiashvili, Nino"]
[Black "Daulyte, Deimante"]
[Result "1/2-1/2"]
[WhiteElo "2475"]
[BlackElo "2419"]
[Annotator "TA"]
[PlyCount "85"]
[EventType "team-tourn"]
[EventCountry "TUR"]
[SourceTitle "playchess.com"]
[Source "ChessBase"]
[SourceQuality "1"]

{[%evp 18,85,0,0,0,-2,6,10,9,0,12,8,13,12,11,12,9,8,11,8,10,9,12,8,5,8,16,11,14,13,14,6,6,0,8,8,22,0,11,0,0,0,38,7,14,8,1,0,10,9,18,12,11,0,20,19,23,9,26,29,26,12,31,19,24,19,24,17,39,7]} 1. d4 d5 2. Nf3 Nf6 3. Bf4 c5 4. e3 Nc6 5. Nbd2 (5. c3 Bg4 6. Nbd2 e6 7. Qb3 Qc8 8. Ne5 Nxe5 9. Bxe5 c4 10. Qc2 Bf5 11. Qd1 Nd7 12. g4 Bg6 13. Bg3 h5 14. g5 h4 {1-0 (45) Karjakin,S (2783)-Meier,G (2630) chess.com INT 2017}) 5... Bf5 6. c3 {D02: 1 d4 d5 2 Nf3 sidelines, including 2...Nf6 3 g3 and 2...Nf6 3 Bf4} cxd4 7. exd4 e6 8. Qb3 Bd6 9. Bxd6 Qxd6 10. Be2 {LiveBook: 3 Games} O-O 11. O-O b6 $146 ({Predecessor:} 11... Rab8 12. a4 Rfc8 {1-0 (41) Bachmann,A (2653)-Hong,A (2383) Philadelphia 2017}) 12. Rfe1 h6 13. a4 Ne4 14. Qd1 Rac8 15. Ba6 Rc7 16. Nxe4 Bxe4 17. Re3 Nb8 18. Bf1 Nc6 19. Bb5 Rfc8 20. Nd2 Bf5 21. Qe2 Rd8 22. Re1 Rdc8 23. Rg3 Qf4 24. Rf3 Qg5 25. h3 Bg6 26. Re3 Qf4 27. Qf1 Qd6 28. f4 Ne7 29. g4 Bh7 30. Qf2 (30. f5 $5) 30... Rf8 31. Rf3 Kh8 32. Rfe3 Rd8 33. Qh2 Ng8 34. Re5 Ne7 35. R5e3 Ng8 36. Rf1 Ne7 37. Rf2 Rb7 38. Qg3 Rc7 39. Kh2 Rb7 40. Rf1 Rc7 41. Rfe1 Ng8 42. Re5 Rf8 43. R1e2 {Precision: White = 52%, Black = 28%.} 1/2-1/2

[Event "Turkey IS Bank Super League 2017"]
[Site "Darica-Kocaeli"]
[Date "2017.08.03"]
[Round "9"]
[White "Yilmazyerli, Mert"]
[Black "Karagollu, Ahmet"]
[Result "1-0"]
[WhiteElo "2459"]
[BlackElo "2083"]
[Annotator "TA"]
[PlyCount "87"]
[EventType "team-tourn"]
[EventCountry "TUR"]
[SourceTitle "playchess.com"]
[Source "ChessBase"]
[SourceQuality "1"]

{[%evp 16,87,5,-3,23,16,16,0,-3,0,0,0,-5,-3,81,103,81,69,94,74,65,63,71,54,84,80,95,90,97,87,90,90,93,103,131,120,131,141,138,136,133,135,135,134,139,137,131,139,138,131,126,115,164,179,186,171,182,166,181,174,929,938,923,890,1665,1074,29979,29982,29985,29986,29988,29989,29989,29983]} 1. g3 e5 2. Bg2 Nf6 3. e4 Nc6 4. Nc3 Bc5 5. Nf3 d6 6. d3 O-O 7. Na4 Bb6 {C26: Vienna Game: 2...Nf6, sidelines} (7... Bb4+ 8. c3 Ba5 9. b4 Bb6 10. O-O Re8 11. a3 h6 12. h3 Be6 13. Nh4 Nh7 14. Kh2 Ne7 15. Nxb6 axb6 {½-½ (46) Golubov,S (2505)-Kozak,A (2390) Budapest 2017}) 8. Nxb6 axb6 9. O-O {LiveBook: 4 Games} d5 {The position is equal.} 10. exd5 Nxd5 11. Re1 Re8 12. Bd2 Bf5 13. c4 $146 ({Find the theoretical novelty and annotate with similar games:} 13. Ng5 Qd7 14. Ne4 Bg4 15. f3 {½-½ (31) Fagerstrom,B (2238)-Tadjerbashi,A (2199) Sweden 2006}) 13... Nf6 14. Bc3 {[%cal Rf3e5]} e4 (14... Qd6 $11) 15. Nh4 $16 Be6 16. dxe4 {[%cal Bd3e4,Be4e5][%mdl 32]} Bxc4 17. e5 Qxd1 18. Raxd1 Ng4 {[%cal Rg4e5]} 19. f4 {aiming for h3.} Rad8 20. Bf3 Nh6 21. g4 {[#] Hoping for g5.} g6 22. b3 Be6 23. h3 Kf8 24. Ng2 Ng8 25. Ne3 Nge7 26. Be4 Rxd1 27. Rxd1 Rd8 28. Rxd8+ Nxd8 29. f5 Bd7 30. Kf2 Bc6 31. Bd3 Nd5 32. Nxd5 Bxd5 {[%mdl 4096] Endgame KBB-KBN} 33. Kg3 c5 34. Kf4 Nc6 35. h4 Ne7 36. h5 gxh5 37. gxh5 {[%cal Bg4h5,Bh5h6,Bh6h7][%mdl 32] Threatens to win with f6.} Bxb3 $2 {[#]} (37... Bc6) 38. axb3 $18 Nd5+ 39. Kg5 Nxc3 40. f6 b5 41. Bxh7 {White mates.} Nd5 42. h6 Nc7 43. Bf5 Kg8 44. h7+ {Precision: White = 82%, Black = 43%.} 1-0

[Event "Turkey IS Bank Super League 2017"]
[Site "Darica-Kocaeli"]
[Date "2017.08.03"]
[Round "9"]
[White "Asadli, Vugar"]
[Black "Ozenir, Ekin Baris"]
[Result "1-0"]
[WhiteElo "2457"]
[BlackElo "2098"]
[Annotator "TA"]
[PlyCount "83"]
[EventType "team-tourn"]
[EventCountry "TUR"]
[SourceTitle "playchess.com"]
[Source "ChessBase"]
[SourceQuality "1"]

{[%evp 15,83,2,0,-15,-2,-13,-21,-21,0,-6,19,0,0,9,19,6,24,-3,-7,-16,-9,-83,-28,-95,-91,-101,-91,-116,-59,-59,-55,-61,-61,-58,-54,-83,-58,-116,-58,-53,100,-25,0,0,0,0,93,87,126,50,702,355,340,333,337,326,340,345,330,334,1638,1622,1441,1481,1163,1141,29983,1773,29981,29982]} 1. Nf3 Nf6 2. g3 d5 3. Bg2 b5 (3... c6 4. O-O Bf5 5. c4 e6 6. Qb3 Qb6 7. d3 Nbd7 8. cxd5 exd5 9. Qc2 Qc5 10. Qa4 Qb4 11. Qd1 Be7 12. a3 Qb6 13. Nc3 Bg4 14. b4 O-O {½-½ (44) Giri,A (2775)-Grischuk,A (2761) Geneve 2017}) 4. O-O e6 5. d3 Be7 6. b3 {A07: Réti Opening: New York and Capablanca Systems} O-O 7. Bb2 Bb7 8. Nbd2 c5 {LiveBook: 6 Games} 9. e3 (9. e4 $5) 9... Nc6 10. Qe2 Qb6 $146 ({Predecessor:} 10... a5 11. a4 bxa4 12. Rxa4 Nd7 13. e4 Nb6 14. Raa1 a4 15. exd5 exd5 {½-½ (36) Neverov,V (2492)-Lalic,B (2489) Pardubice 2013}) 11. Ne5 Rfd8 12. f4 Ne8 13. c4 bxc4 14. dxc4 Nf6 15. Rf2 d4 16. Nxc6 Bxc6 17. Bxc6 Qxc6 18. e4 {[#]} (18. exd4 $11 cxd4 19. Qd3) 18... a5 (18... e5 $1 $17 {[%mdl 512]}) 19. a4 {[#]} (19. e5 $11 {remains equal.} Nd7 20. a4) 19... e5 $1 $17 {[%mdl 512]} 20. Raf1 (20. fxe5 Nd7) 20... Nd7 21. Qd3 Qh6 ({Black should play} 21... Rab8 $17 22. Qe2 Qe6) 22. Bc1 $15 exf4 23. gxf4 Ra6 24. Kh1 Rb6 25. Nf3 Rdb8 26. Rb2 (26. Nd2 $15) 26... Qh3 ({Better is} 26... Qc6 $17 27. Rg1 Qc7) 27. Rg1 Bh4 $2 {[#]} (27... Rg6 $15 {keeps the upper hand.}) 28. e5 ({White should try} 28. f5 $1 $16) 28... Rg6 29. Rbg2 Rxg2 30. Rxg2 Bd8 {[#]} (30... f5 $11 {keeps the balance.}) 31. f5 $1 $16 Bc7 32. Bf4 (32. Qe4 $16 {And now e6 would win.} Rf8 33. e6) 32... f6 $2 {[%mdl 8192]} (32... Nf8 $14) 33. e6 ({Inferior is} 33. exf6 Bxf4 34. Rxg7+ Kh8 $11) 33... Bxf4 34. exd7 {Strongly threatening Qe4.} Qh5 35. Qe4 Bc7 36. Qc6 Bd8 37. Qe6+ Kf8 $2 (37... Qf7) 38. Qd6+ $18 Kf7 39. Qd5+ ({Weaker is} 39. Qxb8 Qxf3 40. Qg3 (40. Qxd8 Qf1+ 41. Rg1 Qf3+ 42. Rg2 Qf1+ 43. Rg1 Qf3+ 44. Rg2 $11) 40... Qxf5 $18) 39... Kf8 40. Qxc5+ Kf7 41. Nxd4 (41. Qd5+ $142 Kf8 42. Qd6+ Kf7 43. Nxd4 g6 44. fxg6+ hxg6 45. Qe6+ Kg7 46. Nf5+ Qxf5 47. Qxf5) 41... Qd1+ 42. Rg1 {Precision: White = 34%, Black = 32%.} 1-0

[Event "Turkey IS Bank Super League 2017"]
[Site "Darica-Kocaeli"]
[Date "2017.08.03"]
[Round "9"]
[White "Atalik, Ekaterina"]
[Black "Osmak, Iulija"]
[Result "1-0"]
[WhiteElo "2445"]
[BlackElo "2353"]
[Annotator "TA"]
[PlyCount "93"]
[EventType "team-tourn"]
[EventCountry "TUR"]
[SourceTitle "playchess.com"]
[Source "ChessBase"]
[SourceQuality "1"]

{[%evp 15,93,0,0,0,5,2,45,0,14,0,219,75,85,94,93,88,91,71,71,66,122,0,8,0,79,100,173,162,168,162,252,270,229,79,120,121,117,110,127,135,224,225,253,217,273,258,258,200,197,205,212,201,211,153,204,187,355,345,475,475,481,475,475,468,1091,1101,1093,1051,1036,985,2777,12805,12833,1693,12834,12834,12833,5937,12837,9599]} 1. d4 d5 2. c4 c6 3. Nf3 Nf6 4. Qb3 dxc4 5. Qxc4 Bg4 6. Nc3 {D23: Queen's Gambit Accepted: 3 Nf3 Nf6 sidelines} (6. Nbd2 Nbd7 7. g3 e6 8. Bg2 Be7 9. Qb3 Qb6 10. O-O O-O 11. Nc4 Qa6 12. Bg5 h6 13. Bxf6 Bxf6 14. e3 {½-½ (43) Kozul,Z (2617)-Mamedov,R (2689) Minsk 2017}) 6... Nbd7 7. e4 e5 8. dxe5 Bxf3 $1 {LiveBook: 4 Games} 9. exf6 Qxf6 10. Be3 {Black must now prevent Bd4.} Ne5 11. Qb3 O-O-O 12. Qa4 $146 ({Predecessor:} 12. Bxa7 Qg6 13. Ba6 Rd7 14. gxf3 Nxf3+ 15. Ke2 Qh5 16. Qa4 Rd2+ {0-1 (16) Dobrov,V (2505)-Seliverstov,V (2455) Moscow 2016}) 12... Bb4 $2 (12... Qh4 $11 {and Black stays safe.}) 13. gxf3 (13. Qxb4 $18 {and the rest is easy.} Bxg2 14. Qa5 Bxf1 15. Kxf1) 13... Nxf3+ 14. Ke2 {[%cal Be1e2,Be2f3,Bf3g2][%mdl 32]} Nd4+ 15. Bxd4 $1 Rxd4 ({Much worse is} 15... Qxd4 16. Bh3+ Kb8 17. Rhd1 $16) 16. Qc2 Qe6 {aiming for ...Bxc3.} 17. h4 $1 Kb8 ({Don't blunder} 17... Bxc3 $2 18. Bh3 $18) ({Black should try} 17... Qg4+ $14 18. f3 Qg3) 18. Bh3 (18. Bg2 $1 $16) 18... Qc4+ $11 19. Kf3 Rd3+ (19... Rhd8 $1 $11 20. Qb3 Qd3+ 21. Kg2 Bxc3 22. Qxc3 Qxe4+ 23. Qf3 Qxh4) 20. Kg2 $16 {Rad1 is the strong threat.} Bxc3 (20... Rhd8 $16 {was worth a try.}) 21. Rae1 $1 $18 Rhd8 {Strongly threatening ...Qc5.} 22. bxc3 R8d6 (22... Rd2 $142 23. Qb3 Qc5) 23. Bf5 $1 {Hoping for e5.} Rd2 24. Qc1 (24. Qb3 $18 Qc5 25. Rhf1) 24... Qxa2 {[#]} 25. Rhf1 $1 Qa4 26. c4 {[%cal Bc3c4,Bc4c5][%mdl 32] Threatens to win with Qc3.} g6 27. Bg4 {[%cal Bf5g4,Bg4f3,Bf3d1][%mdl 32]} h5 (27... Qc2 $16 28. h5 a6) 28. Rd1 Qa2 29. Bf3 a5 30. c5 R6d3 31. Qa1 Qxa1 32. Rxa1 Rc3 33. Rxa5 Rdd3 34. Bd1 Rd4 (34... Rh3 $16 35. f3 Rxh4) 35. Ra4 Rxa4 $2 (35... Rd7 {keeps fighting.} 36. Ra5 Kc7) 36. Bxa4 {[%mdl 4096] Endgame KRB-KR} Rc4 37. Bb3 {White is clearly winning.} Rxe4 38. Bxf7 Rf4 39. Ba2 Rxh4 (39... Kc7 $142 40. Kg3 Rg4+ 41. Kh3 Rf4) 40. f4 {[%cal Bf2f4,Bf4f5,Bf5f6,Bf6f7][%mdl 32]} g5 {[#]} 41. f5 $1 Rg4+ 42. Kf3 Kc7 43. f6 Rf4+ 44. Ke2 {White threatens Rxf4 and mate.} Re4+ 45. Kd3 Re8 46. f7 Rf8 47. Rf5 {Precision: White = 55%, Black = 38%.} 1-0

[Event "Turkey IS Bank Super League 2017"]
[Site "Darica-Kocaeli"]
[Date "2017.08.03"]
[Round "9"]
[White "Erdogdu, Mert"]
[Black "Yelken, Mustafa"]
[Result "1/2-1/2"]
[WhiteElo "2445"]
[BlackElo "2171"]
[Annotator "TA"]
[PlyCount "76"]
[EventType "team-tourn"]
[EventCountry "TUR"]
[SourceTitle "playchess.com"]
[Source "ChessBase"]
[SourceQuality "1"]

{[%evp 9,76,0,0,-3,0,0,0,0,5,6,1,-4,12,-10,-10,-38,-10,-10,-10,-8,-8,-7,-5,-14,-3,-21,-9,-14,0,-1,0,-9,-7,-17,-10,-48,-4,-19,0,0,0,0,0,-4,0,-29,-26,-131,-127,-123,-128,-133,-107,-387,-353,-506,-455,-449,-451,-391,-174,-184,-174,-134,0,-140,0,-141,0]} 1. d4 Nf6 2. Bf4 d5 3. e3 c5 4. c3 Nc6 5. Nd2 Bf5 (5... e6 6. Ngf3 Bd6 7. Bg3 O-O 8. Bb5 a6 9. Bxc6 bxc6 10. Qa4 Rb8 11. Qa3 Bxg3 12. hxg3 cxd4 13. cxd4 a5 14. O-O Qb6 15. b3 Ba6 {1-0 (24) Carlsen,M (2840)-Anand,V (2779) Doha 2016}) 6. Qb3 {D00: Damenbauernspiele} Qd7 7. Ngf3 c4 8. Qd1 {Die Stellung ist ausgeglichen.} b5 9. Be2 e6 10. Nh4 Bd6 11. Nxf5 exf5 12. O-O $146 ({Vorgänger:} 12. Bxd6 Qxd6 {0-1 (65) Nitish,B (2046)-Cabarkapa,N (2379) Pune 2014}) 12... O-O 13. Bxd6 Qxd6 14. Qc2 g6 15. b3 Rfe8 16. Bf3 (16. a4 $5 {[%cal Ra4b5]} a6 17. Rfb1 $11) 16... Ne4 17. g3 Rac8 18. Bxe4 fxe4 19. a4 cxb3 20. Qxb3 b4 21. Rfc1 bxc3 22. Rxc3 (22. Qxc3 {with more complications.} Qe6 23. Qa3 h5 24. Rc5 h4 25. Rac1) 22... Rb8 23. Qa3 Qxa3 (23... Qd7 {keeps more tension.} 24. Rb1 a5 25. Rxb8 Rxb8 26. Nb3 Nb4) 24. Raxa3 Nb4 25. Rab3 Nd3 26. f3 f5 {[%cal Bf7f5,Bf5f4][%mdl 32]} 27. g4 Rxb3 28. Nxb3 $11 {[%mdl 4096] Endspiel [#] KTS-KTS} (28. Rxb3 $11 Rc8 29. fxe4 dxe4 30. gxf5 gxf5 31. Nf1) 28... f4 $1 $17 29. fxe4 dxe4 30. Nc1 fxe3 {zielt auf ...Tb8 ab.} 31. Ne2 $2 {[%mdl 8192]} (31. d5 $17 {einziger Zug.}) 31... Rb8 $19 32. d5 (32. h4 $142) 32... Rb1+ 33. Kg2 Re1 34. Rc2 Rd1 (34... g5 $142 {Und ...Sf4+ würde nun gewinnen.} 35. d6 Kf7) 35. Rc4 Rd2 36. Kf1 Rd1+ 37. Kg2 Rd2 38. Kf1 {[#]} Rd1+ {Precision: Weiß = 43%, Schwarz = 42%.} (38... Nf2 $1 $17 39. h4 Nxg4 40. Rxe4 Nh2+ 41. Ke1 Nf3+ 42. Kf1 Rxd5) 1/2-1/2

[Event "Turkey IS Bank Super League 2017"]
[Site "Darica-Kocaeli"]
[Date "2017.08.03"]
[Round "9"]
[White "Karavade, Eesha"]
[Black "Ushenina, Anna"]
[Result "1/2-1/2"]
[WhiteElo "2397"]
[BlackElo "2458"]
[Annotator "TA"]
[PlyCount "95"]
[EventType "team-tourn"]
[EventCountry "TUR"]
[SourceTitle "playchess.com"]
[Source "ChessBase"]
[SourceQuality "1"]

{[%evp 15,95,5,16,0,0,-19,-9,-13,-12,-17,0,-5,0,-14,-10,-120,-117,-109,-97,-138,-142,-145,-148,-189,-161,-167,-171,-150,-156,-175,-173,-202,-205,-194,-195,-194,-199,-208,-215,-205,-215,-216,-206,-222,-177,-220,-214,-196,-186,-194,-197,-221,-173,-183,-148,-156,13,0,0,0,0,0,0,0,89,0,0,0,0,0,0,0,0,0,0,0,0,0,0,0,0,0]} 1. e4 c5 2. Nf3 d6 3. Bb5+ Bd7 4. Bxd7+ Nxd7 5. O-O Ngf6 6. Re1 Rc8 {B52: Sicilian: Moscow Variation with 3...Bd7} (6... e6 7. c3 Be7 8. d4 O-O 9. e5 Ne8 10. exd6 Bxd6 11. Bg5 Nef6 12. Na3 Be7 13. Nc4 Rc8 {½-½ (13) Adams,M (2736)-Grischuk,A (2761) Geneve 2017}) 7. b3 g6 8. Bb2 Bg7 {LiveBook: 3 Games} 9. d4 cxd4 10. Nxd4 Nc5 $146 ({Predecessor:} 10... O-O 11. c4 Nc5 12. Nc3 Nfd7 13. Nf3 b5 14. cxb5 Nxe4 15. Rxe4 Bxc3 16. Bxc3 Rxc3 {0-1 (36) Pardo Simon,D (2204)-Fedoseev,V (2321) Herceg Novi 2008}) 11. Nd2 O-O 12. Qe2 Nh5 13. Rad1 a6 14. a4 Qc7 15. Nc4 {[#]} (15. Qe3 $11) 15... Nxa4 $1 $17 {[%mdl 512]} 16. Ba1 (16. bxa4 Qxc4) 16... Nc5 17. Ne3 e6 18. Qf3 Nf6 19. Nb5 axb5 20. Bxf6 Bxf6 21. Qxf6 Nxe4 22. Qd4 {[#]} f5 $1 23. c4 bxc4 24. bxc4 Rfd8 25. f3 Nc5 26. Re2 Qg7 27. Qh4 Rd7 28. Red2 Rc6 {[%cal Bc8c6,Bc6a6,Ba6a3][%mdl 32]} 29. Qg3 Qf8 {White must now prevent ...f4.} 30. Qf4 Ra6 31. Nc2 Qa8 32. h4 Qd8 33. Qg3 Qf6 34. Nd4 Ra3 35. Qf2 Nb3 $2 (35... b6 $17 {Hoping for ...Ra4.} 36. g3 f4) 36. Rd3 $11 {[#]} Nxd4 $1 {[%mdl 512]} 37. Rxa3 (37. Rxd4 Ra6) 37... e5 38. Ra7 Rc7 39. Rb1 Qf7 {[#]} (39... Qe7 $1 $11 {keeps the balance.}) 40. Kh2 (40. Qb2 $1 $16) 40... f4 {The position is equal.} ({But not} 40... Qxc4 $6 41. Rbxb7 Ne6 42. Rxc7 $16) 41. Qb2 {[%cal Ra7b7]} Qe7 42. Rxb7 Rxb7 43. Qxb7 Qxh4+ {KQR-KQN} 44. Kg1 Ne2+ 45. Kf1 Ng3+ $1 46. Kg1 Ne2+ $1 47. Kf1 Ng3+ $1 48. Kg1 {Precision: White = 42%, Black = 68%.} 1/2-1/2

[Event "Turkey IS Bank Super League 2017"]
[Site "Darica-Kocaeli"]
[Date "2017.08.03"]
[Round "9"]
[White "Nomin-Erdene, Davaademberel"]
[Black "Unuk, Laura"]
[Result "0-1"]
[WhiteElo "2373"]
[BlackElo "2343"]
[Annotator "NA RC"]
[PlyCount "142"]
[EventType "team-tourn"]
[EventCountry "TUR"]
[SourceTitle "playchess.com"]
[Source "ChessBase"]
[SourceQuality "1"]
[TimeControl "40/5400+30:1800+30"]

1. e4 {[%emt 0:00:30]} e5 {[%emt 0:01:00]} 2. Nf3 {[%emt 0:00:30]} Nc6 {[%emt 0:00:30]} 3. Bb5 {[%emt 0:00:30]} a6 {[%emt 0:00:30]} 4. Ba4 {[%emt 0:00:30]} Nf6 {[%emt 0:00:00] LiveBook: 52156 Games} 5. O-O {[%emt 0:00:00]} b5 {[%emt 0:00:00]} 6. Bb3 {[%emt 0:00:00]} Bb7 {[%emt 0:00:30]} 7. d3 {[%emt 0:08:30]} Be7 {[%emt 0:00:30]} 8. Nc3 {[%emt 0:00:30]} O-O {[%emt 0:00:30]} 9. Nd5 {[%emt 0:06:30]} Nxd5 {[%emt 0:00:30] C84: Closed Ruy Lopez: Unusual White 6th moves} (9... Na5 10. Nxe7+ Qxe7 11. Nh4 Nxb3 12. axb3 d5 13. Nf5 Qe6 14. f3 g6 15. Nh6+ Kg7 16. Qe1 Ng8 17. Ng4 f6 18. Be3 h5 {½-½ (77) Vallejo Pons,F (2684)-Kravtsiv,M (2621) Berlin 2015}) 10. Bxd5 {[%emt 0:00:00]} d6 {[%emt 0:00:00]} 11. Be3 {[%emt 0:06:00]} Qc8 {[%emt 0:01:00]} 12. Nd2 $146 {[%emt 0:05:30]} ({Predecessor:} 12. Qd2 Bf6 13. Qc3 Ne7 14. Bxb7 Qxb7 15. Rad1 Ng6 16. Rfe1 Rac8 17. a3 {½-½ (27) Sussarellu,L (800)-Pehl,F (829) LSS email 2008}) 12... Bf6 {[%emt 0:05:30]} 13. c3 {[%emt 0:00:30]} Ne7 {[%emt 0:00:30]} 14. Bxb7 {[%emt 0:01:30]} Qxb7 {[%emt 0:00:30]} 15. f4 {[%emt 0:00:30]} exf4 {[%emt 0:02:30]} 16. Bxf4 {[%emt 0:00:30]} Qb6+ {[%emt 0:04:30] [%clk 1:20]} 17. Kh1 {[%emt 0:06:30]} c5 {[%emt 0:02:30]} 18. Qh5 {[%emt 0:04:30]} Ng6 {[%emt 0:15:30]} 19. Be3 {[%emt 0:02:30]} Rfe8 {[%emt 0:03:30]} 20. Rf5 {[%emt 0:05:30]} Ne5 {[%emt 0:17:30]} 21. Qh3 {[%emt 0:01:30]} Qd8 {[%emt 0:05:30]} ({Not} 21... Nxd3 $2 {[#]} 22. Rxf6 $1 {[%mdl 512]} gxf6 23. Qg3+ Kh8 24. Bh6 $18) 22. Raf1 {[%emt 0:01:30]} Re6 {[%emt 0:04:30]} ({Avoid the trap} 22... Nxd3 $2 {[#]} 23. Rxf6 $1 {[%mdl 512]} gxf6 24. Qg3+ Kh8 25. Bh6 $18) (22... Rc8 $11 {keeps the balance.}) 23. Rh5 {[%emt 0:08:30]} h6 {[%emt 0:04:30]} 24. g4 {[%emt 0:09:30]} Be7 {[%emt 0:13:21]} 25. g5 {[%emt 0:04:30]} Qc8 {[%emt 0:00:22]} 26. gxh6 {[%emt 0:12:35]} g6 {[%emt 0:00:30]} 27. h7+ {[%emt 0:00:00]} Kh8 {[%emt 0:00:00]} 28. Rh6 {[%emt 0:00:28]} Rf6 {[%emt 0:00:56]} 29. Bf4 {[%emt 0:07:17]} Rxf4 {[%emt 0:01:04]} 30. Rxf4 {[%emt 0:00:26]} Bg5 {[%emt 0:00:13]} 31. Qxc8+ {[%emt 0:06:20]} Rxc8 {[%emt 0:00:30]} 32. Rhh4 {[%emt 0:00:00]} Nxd3 {[%emt 0:00:50]} 33. Rf3 {[%emt 0:00:00]} Nxb2 {[%emt 0:09:14]} 34. Rhf4 {[%emt 0:00:01]} Bxf4 {[%emt 0:00:56]} 35. Rxf4 {[%emt 0:00:30]} Rc7 {[%emt 0:00:00]} 36. Rh4 {[%emt 0:02:57]} c4 {[%emt 0:00:54]} 37. a3 {[%emt 0:00:14]} Nd1 {[%emt 0:00:57]} 38. Nb1 {[%emt 0:00:12]} f6 {[%emt 0:00:18]} 39. Rf4 {[%emt 0:01:19]} Rf7 {[%emt 0:02:14]} 40. Rf1 {[%emt 0:00:00]} Nb2 {[%emt 0:02:11]} 41. Kg2 {[%emt 0:08:41]} Kxh7 {[%emt 0:00:30]} 42. h4 {[%emt 0:00:30]} Kg7 {[%emt 0:01:30]} 43. Nd2 {[%emt 0:02:30]} Re7 {[%emt 0:01:30]} 44. Kf3 {[%emt 0:01:30]} Re5 {[%emt 0:01:30]} 45. Ke3 {[%emt 0:00:30]} Na4 {[%emt 0:08:30]} 46. Nf3 {[%emt 0:01:52]} Re8 {[%emt 0:00:30]} 47. Kd4 {[%emt 0:01:49]} Nc5 {[%emt 0:02:30]} 48. Re1 {[%emt 0:00:18]} Kf7 {[%emt 0:01:30]} 49. Kd5 {[%emt 0:01:38]} Nd3 {[%emt 0:00:30]} 50. Rf1 {[%emt 0:01:35]} Ke7 {[%emt 0:01:56]} 51. Rg1 {[%emt 0:04:45]} Kd7 {[%emt 0:00:27]} 52. Kd4 {[%emt 0:01:09]} f5 {[%emt 0:02:03]} 53. Nd2 {[%emt 0:02:12]} Nf4 {[%emt 0:08:03]} 54. Ke3 {[%emt 0:00:30]} Nd5+ {[%emt 0:00:00]} 55. Kd4 {[%emt 0:00:52]} Ne7 {[%emt 0:00:00]} 56. Ke3 {[%emt 0:01:42]} fxe4 {[%emt 0:00:47]} 57. Nxe4 {[%emt 0:00:30]} Rh8 {[%emt 0:00:30]} 58. h5 {[%emt 0:04:17]} gxh5 {[%emt 0:01:07]} 59. Rd1 {[%emt 0:00:04]} d5 {[%emt 0:01:02]} 60. Nc5+ {[%emt 0:00:48]} Kd6 {[%emt 0:01:49]} 61. Nxa6 {[%emt 0:00:05]} Ra8 {[%emt 0:02:41]} 62. Nb4 {[%emt 0:00:03]} Rxa3 {[%emt 0:00:30]} 63. Kd2 {[%emt 0:00:17]} Nc6 {[%emt 0:00:00]} 64. Nc2 {[%emt 0:01:25]} Ra2 {[%emt 0:00:40]} 65. Kc1 {[%emt 0:01:38]} Kc5 {[%emt 0:00:18]} 66. Rh1 {[%emt 0:02:25]} b4 {[%emt 0:01:23]} 67. Rxh5 {[%emt 0:00:09]} bxc3 {[%emt 0:01:06]} 68. Rh8 {[%emt 0:00:15]} Ra7 {[%emt 0:00:59]} 69. Rc8 {[%emt 0:01:02]} Rh7 {[%emt 0:00:22]} 70. Na3 {[%emt 0:00:36]} d4 {[%emt 0:00:57]} 71. Rf8 {[%emt 0:00:28]} Rh1+ {[%emt 0:00:22]} 0-1

[Event "Turkey IS Bank Super League 2017"]
[Site "Darica-Kocaeli"]
[Date "2017.08.03"]
[Round "9"]
[White "Mammadova, Gulnar"]
[Black "Ozturk, Kubra"]
[Result "1/2-1/2"]
[WhiteElo "2357"]
[BlackElo "2298"]
[Annotator "TA"]
[PlyCount "27"]
[EventType "team-tourn"]
[EventCountry "TUR"]
[SourceTitle "playchess.com"]
[Source "ChessBase"]
[SourceQuality "1"]

{[%evp 26,27,20,0]} 1. e4 e5 2. Nf3 Nc6 3. Bc4 Bc5 4. c3 Nf6 5. d3 d6 6. O-O O-O 7. Bb3 a6 8. Nbd2 Ba7 9. Re1 Ng4 10. Rf1 (10. Re2 Kh8 11. h3 f5 12. exf5 Nh6 13. g4 Nxf5 14. gxf5 Bxf5 15. Ne4 d5 16. Ng3 Bxh3 17. Bg5 Qd6 {½-½ (67) Socko,B (2600)-Banusz,T (2621) Katowice 2016}) 10... Nf6 $146 ({Predecessor:} 10... Kh8 11. h3 Nh6 12. Nc4 f5 13. exf5 Nxf5 14. Ne3 Nh4 15. Bd5 Ng6 16. Be4 Nf4 17. Nd5 Nxd5 18. Bxd5 {0-1 (59) Nikac,P (2310)-Pecurica,M (2199) Niksic 2017}) 11. Re1 Ng4 12. Rf1 Nf6 13. Re1 Ng4 14. Rf1 {LiveBook: 13 Games. C54: Giuoco Piano: 4 c3 Nf6, main lines with 5 d4 and 5 d3} 1/2-1/2